书目信息 |
| 题名: |
哲学的奥秘
|
|
| 作者: | 高清海 著 | |
| 分册: | ||
| 出版信息: | 长春 吉林人民出版社 1997 |
|
| 页数: | 394页 | |
| 开本: | 21cm | |
| 丛书名: | 高清海哲学文存 | |
| 单 册: | ||
| 中图分类: | B0-53 | |
| 科图分类: | ||
| 主题词: | 哲学--文集 , 哲学 , 哲学理论 | |
| 电子资源: | ||
| ISBN: | 978-7-206-05230-9 | |
| 000 | 00793oam2 2200265 450 | |
| 001 | 1233979015 | |
| 005 | 20121003092910.10 | |
| 010 | @a978-7-206-05230-9@dCNY25.00 | |
| 100 | @a20070327e20071997em y0chiy50 ea | |
| 101 | 0 | @achi |
| 105 | @ay z 000yy | |
| 106 | @ar | |
| 200 | 1 | @a哲学的奥秘@f高清海著@Azhe xue de ao mi |
| 210 | @a长春@c吉林人民出版社@d1997@h2007重印 | |
| 215 | @a394页@d21cm | |
| 225 | 2 | @a高清海哲学文存 |
| 330 | @a本书主要收入了作者自90年代以来论文,包括“社会发展”观念的现代变革、哲学与人生、重新理解“哲学”等。 | |
| 461 | 0 | @1001003515702 |
| 606 | 0 | @a哲学@j文集 |
| 606 | 0 | @a哲学 |
| 606 | 0 | @a哲学理论 |
| 690 | @aB0-53@v4 | |
| 701 | 0 | @a高清海@f(1930~)@4著@Agao qing hai |
| 801 | 2 | @aCN@b110120@c20070420 |
| 905 | @a10447@dB0-53@eJY102 | |
| 哲学的奥秘/高清海著.-长春:吉林人民出版社,1997(2007重印 ) |
| 394页;21cm .-(高清海哲学文存 ) |
| ISBN 978-7-206-05230-9:CNY25.00 |
| 本书主要收入了作者自90年代以来论文,包括“社会发展”观念的现代变革、哲学与人生、重新理解“哲学”等。 |
| ● |
| 相关链接 |
|
|
|
|
正题名:哲学的奥秘
索取号:B0-53/JY102
 
预约/预借
| 序号 | 登录号 | 条形码 | 馆藏地/架位号 | 状态 | 备注 |
| 1 | 7809696 | 278096962 | 学院路分馆/ [索取号:B0-53/JY102] | 在馆 | |
| 2 | 7809697 | 278096971 | 学院路分馆/ [索取号:B0-53/JY102] | 在馆 |